Gold and international finance the gold market under the internationalization of RMB in Hong Kong

Gorde:
Xehetasun bibliografikoak
Egile nagusia: CHEUNG, Haywood
Formatua: Liburua
Hizkuntza:ingelesa
Argitaratua: Routledge 2017
Etiketak: Etiketa erantsi
Etiketarik gabe, Izan zaitez lehena erregistro honi etiketa jartzen!

MARC

LEADER 00000nam a22000007a 4500
008 230725b |||||||| |||| 00| 0 eng d
020 |a 9780367350390 
100 |a CHEUNG, Haywood 
245 |a Gold and international finance   |b the gold market under the internationalization of RMB in Hong Kong  |c Haywood Cheung.  |g ix, 91 p; ill 
260 |b Routledge  |c 2017  |h London  |i 700031  |i 700032  |l HG295.C41  |m Gold-China-Hong Kong  |m Foreign exchange  |m International finance 
500 |a it includes bibliographical references and index. 
942 |a lcc  |c BK  |e Johnson  |f 25/07/23 
952 |0 0  |1 0  |2 lcc  |4 0  |6 HG0295 C41  |7 0  |9 4295  |a SSL  |b HOL  |c GJ  |d 2023-07-25  |l 0  |o HG295.C41  |p 2023-0222  |r 2023-07-25 00:00:00  |t 700031  |w 2023-07-25  |y BK 
952 |0 0  |1 0  |2 lcc  |4 0  |6 HG0295 C41  |7 0  |9 4296  |a HOL  |b HOL  |c GJ  |d 2023-07-25  |l 0  |o HG295.C41  |p 2023-0223  |r 2023-07-25 00:00:00  |t 700032  |w 2023-07-25  |y BK 
999 |c 2157  |d 2157